| 000 | 00581nam a2200217Ia 4500 | ||
|---|---|---|---|
| 003 | OSt | ||
| 005 | 20220918230916.0 | ||
| 006 | a|||||r|||| 00| 0 | ||
| 007 | ta | ||
| 008 | 220917b |||||||| |||| 00| 0 eng d | ||
| 024 | _a261,550 | ||
| 037 | _cTextual | ||
| 040 |
_aARTS _cARTS _beng |
||
| 041 |
_2eng _aeng |
||
| 082 | _aO111,2J64xv, M5 | ||
| 100 |
_aHolderness Graham _915904 |
||
| 245 | 0 | _aShakespeare's history | |
| 260 |
_aDublin _bGill and Macmillan _c1985 |
||
| 942 |
_hO111,2J64xv, M5 _cTEXL _2CC |
||
| 999 |
_c289272 _d289272 |
||